000 00708nam a2200241 i 4500
001 bg
245 0 0 _aInvestment management /
_ced. by Peter L. Bernstein and Aswath Damodaran.
260 _aNew York [et al.] :
_bJohn Wiley & Sons,
_c1998.
300 _aIX, 466 s. :
_brys., wykr. ;
_c25 cm.
504 _aBibliogr. przy rozdz. - Index.
650 9 _aRynek finansowy
_xzagadnienia
650 9 _aInwestycje
_xbadanie
650 9 _aRyzyko
_xfinanse
700 1 _aBERNSTEIN, Peter L.
_eRed.
700 1 _aDAMODARAN, Aswath.
_eRed.
020 _a0471197157
040 _cBPK
041 0 _aen
080 _a336.76
920 _a0-471-19715-7
942 _cKS
008 s pl f |000 0 pol
999 _c33479
_d33479
856 _uhttp://koha.tu.koszalin.pl/cgi-bin/koha/opac-detail.pl?biblionumber=33479
_yKatalog online BPK